|
|
|
|
| LEADER |
00000nab a2200000 a 4500 |
| 001 |
vtls000159187 |
| 003 |
SK-MaSNL |
| 005 |
20260304224532.0 |
| 008 |
250422c1983 xo 0 slo |
| 015 |
|
|
|a SNBRB19rr/mm-uuuuu
|
| 035 |
|
|
|a CL0169297
|
| 035 |
|
|
|a (urnnbn)urn:nbn:sk:snk:ar-a07qdv
|
| 035 |
|
|
|a (uuid)2715a399-b613-46af-9eec-c382e36edf49
|
| 035 |
|
|
|a urn:nbn:sk:snk-ab8b1m
|
| 040 |
|
|
|a SNKBUCL
|b slo
|c SNKBUCL
|e AACR2
|
| 041 |
0 |
|
|a slo
|
| 044 |
|
|
|a xo
|c SK
|
| 080 |
|
|
|a 379.822
|2 1981
|
| 080 |
|
|
|a 728.8
|2 1981
|
| 100 |
1 |
|
|a Janota, Dušan Metod,
|d 1922-1997
|4 aut
|9 186646
|
| 245 |
1 |
0 |
|a Cestovný ruch, propagácia a popularizácia hradov, zámkov a kaštieľov a ich prínos k ochrane a obnove
|c Dušan Janota
|
| 300 |
|
|
|b Obr. 12.
|
| 650 |
0 |
7 |
|a ruch cestovný
|2 snkbucl
|9 467000
|
| 650 |
0 |
7 |
|a hrady
|2 snkbucl
|9 3039
|
| 650 |
0 |
7 |
|a zámky
|2 snkbucl
|9 3041
|
| 650 |
0 |
7 |
|a kaštiele
|2 snkbucl
|9 28599
|
| 655 |
|
7 |
|a články z novín a časopisov
|2 snkbucl
|9 267496
|
| 773 |
0 |
|
|t Pamiatky príroda
|g Roč. 13, č. 4 (1983), s. 36-39
|
| 850 |
|
|
|a Slovenská národná knižnica
|
| 852 |
|
|
|a Slovenská národná knižnica
|
| 954 |
|
|
|a odborná, vedecká literatúra pôvodná (slovenská)
|2 lita
|
| 958 |
|
|
|a article9
|
| 958 |
|
|
|a RK
|
| 958 |
|
|
|a OND
|
| 958 |
|
|
|a EUIPO
|
| 992 |
|
|
|a RBX
|
| 999 |
|
|
|c 3172813
|d 3174743
|